Tous les morceaux de PNL - Statistiques

Statistiques générales
  • Ce quiz a été pris 1 637 fois
  • Le résultat moyen est 37 sur 72
Statistiques - réponses
Que la Famille % Correct
Le M
96%
DA
89%
Au DD
80%
Deux frères
80%
Onizuka
75%
Le monde ou rien
72%
Naha
70%
Bené
67%
Jusqu'au dernier gramme
66%
MOWGLI II
65%
Dans la légende
64%
A l'ammoniaque
63%
PNL
62%
J'suis QLF
61%
La misère est si belle
60%
Chang
59%
Lion
59%
Blanka
58%
Je vis je visser
58%
J'suis PNL
58%
Mexico
58%
Tahia
58%
91's
57%
Uranus
56%
Déconnecté
55%
Capuche
53%
J'comprends pas
53%
Simba
53%
Zoulou tchaing
53%
Lala
52%
Oh lala
51%
Tempête
51%
Luz de Luna
50%
Menace
50%
Ryuk
50%
Autre monde
49%
Shenmue
48%
Mira
47%
Sibérie
47%
Sur Paname
47%
Frontières
46%
Hasta la vista
46%
Bambina
45%
Cœurs
45%
Gala gala
45%
Kratos
45%
Je t'haine
44%
Athéna
43%
Bang
43%
Celsius
43%
Dans ta rue
43%
Humain
43%
Comme pas deux
42%
Dans la soucoupe
42%
Rebenga
42%
Différents
41%
Plus Tony que Sosa
41%
Porte de Mesrine
41%
Que la mif
41%
Abonné
39%
Kuta ubud
39%
Sheita
39%
Cramés
38%
De la fenêtre au ter ter
38%
La vie est belle
38%
J'vends
36%
Recherche du bonheur
36%
Laisse
34%
La petite voix
33%
Tu sais pas
33%
Obligés de prendre
31%
Loin des hommes
26%
Aucun quiz correspondant
Distribution des résultats
% des personnes avec chaque résultat
Percentile par nombre de réponses
Votre historique - résultats
Vous n’avez pas pris ce quiz